MARC details
| 000 -CABECERA |
| campo de control de longitud fija |
02649nam a2200469 a 4500 |
| 003 - IDENTIFICADOR DEL NÚMERO DE CONTROL |
| campo de control |
CHAP |
| 005 - FECHA Y HORA DE LA ÚLTIMA TRANSACCIÓN |
| campo de control |
20251125110234.0 |
| 007 - CAMPO FIJO DE DESCRIPCIÓN FÍSICA--INFORMACIÓN GENERAL |
| campo de control de longitud fija |
cr ||||||a|c|a |
| 008 - DATOS DE LONGITUD FIJA--INFORMACIÓN GENERAL |
| campo de control de longitud fija |
110124s2010 mx r 00010 spa d |
| 035 ## - NÚMERO DE CONTROL DEL SISTEMA |
| Número de control de sistema |
111992 |
| 040 ## - FUENTE DE LA CATALOGACIÓN |
| Centro/agencia transcriptor |
CHAP |
| 090 ## - LOCALMENTE ASIGNADO TIPO-LC NÚMERO DE CLASIFICACIÓN (OCLC); NÚMERO DE CLASIFICACIÓN LOCAL (RLIN) |
| Número de clasificación (OCLC) (R) ; Numero de clasificación, CALL (RLIN) (NR) |
Tesis |
| 100 1# - ENTRADA PRINCIPAL--NOMBRE DE PERSONA |
| Nombre de persona |
Carrillo Arévalo, Katia Navid. |
| 9 (RLIN) |
19452 |
| 245 10 - MENCIÓN DE TÍTULO |
| Título |
Análisis técnico - financiero y de impacto social ante el rápido crecimiento que se desarrolla en cafeterías del área metropolitana de México / |
| Mención de responsabilidad, etc. |
por Katia Navid Carrillo Arévalo; director de tesis Gabriel Martínez Mendoza. |
| 264 #1 - PRODUCCIÓN, PUBLICACIÓN, DISTRIBUCIÓN, FABRICACIÓN Y COPYRIGHT |
| Producción, publicación, distribución, fabricación y copyright |
Chapingo, Méx. : |
| Nombre del de productor, editor, distribuidor, fabricante |
El autor, |
| Fecha de producción, publicación, distribución, fabricación o copyright |
2010. |
| 300 ## - DESCRIPCIÓN FÍSICA |
| Extensión |
1 recurso en línea (64 páginas) : |
| Otras características físicas |
cuadros, figuras. |
| Dimensiones |
2010. |
| 336 ## - TIPO DE CONTENIDO |
| Fuente |
rdacontent |
| Término de tipo de contenido |
texto |
| Código de tipo de contenido |
txt |
| 337 ## - TIPO DE MEDIO |
| Fuente |
rdamedia |
| Nombre/término del tipo de medio |
computadora |
| Código del tipo de medio |
c |
| 338 ## - TIPO DE SOPORTE |
| Fuente |
rdacarrier |
| Nombre/término del tipo de soporte |
recursos en línea |
| Código del tipo de soporte |
cr |
| 502 ## - NOTA DE TESIS |
| Tipo de título |
(Ingeniero Agroindustrial) -- |
| Nombre de la institución que otorga el título |
Departamento de Ingeniería Agroindustrial, |
| Año de obtención del título |
2020. |
| Información miscelánea |
Licenciatura |
| 520 ## - SUMARIO, ETC. |
| Sumario, etc. |
En México el café es un fruto de importancia por los ingresos que genera al país así como sus propiedades benéficas, el tipo de productores que en su mayoría son indígenas, el consumo que en los últimos años ha ido incrementando y la variedad de productos que se pueden elaborar a partir de este fruto y poder generar un valor agregado. Actualmente negocios relacionados con el consumo de café están generando una mayor demanda de mercado de este producto y a su vez una importante fuente de empleos. El análisis Técnico-Financiero nos permite conocer si el proyecto es o no rentable ya que considera factores de consumo como preferencias, gustos, costumbres, etc. Cada tendencia de consumo se debe analizar e identificar el factor que esta propiciando su demanda, para poder actuar ante las necesidades de los consumidores. |
| 650 14 - PUNTO DE ACCESO ADICIONAL DE MATERIA--TÉRMINO DE MATERIA |
| Término de materia o nombre geográfico como elemento de entrada |
Café |
| Subdivisión general |
Consumo. |
| 9 (RLIN) |
17118 |
| 650 14 - PUNTO DE ACCESO ADICIONAL DE MATERIA--TÉRMINO DE MATERIA |
| Término de materia o nombre geográfico como elemento de entrada |
Café |
| Subdivisión general |
Mercadeo |
| Subdivisión geográfica |
México. |
| 9 (RLIN) |
17173 |
| 650 14 - PUNTO DE ACCESO ADICIONAL DE MATERIA--TÉRMINO DE MATERIA |
| Término de materia o nombre geográfico como elemento de entrada |
Desarrollo económico. |
| 650 14 - PUNTO DE ACCESO ADICIONAL DE MATERIA--TÉRMINO DE MATERIA |
| Término de materia o nombre geográfico como elemento de entrada |
Desarrollo social |
| Subdivisión general |
Discursos, ensayos y conferencias. |
| 9 (RLIN) |
32079 |
| 700 1# - PUNTO DE ACCESO ADICIONAL--NOMBRE DE PERSONA |
| Nombre de persona |
Martínez Mendoza, Gabriel |
| Término indicativo de función/relación |
Director de tesis. |
| 9 (RLIN) |
72281 |
| 856 ## - LOCALIZACIÓN Y ACCESO ELECTRÓNICOS |
| Identificador Uniforme del Recurso |
http://10.13.5.2/tesis/111992.pdf |
| Nota pública |
DESCARGAR PDF |
| 942 ## - ELEMENTOS DE PUNTO DE ACCESO ADICIONAL (KOHA) |
| Tipo de ítem Koha |
Tesis digital |
| Fuente del sistema de clasificación o colocación |
Clasificación Universidad Autónoma Chapingo |
| 590 ## - NOTA LOCAL (RLIN) |
| Nota local |
ALEPH |
| Procedencia (VM) [OBSOLETO] |
10 |
| Condición del los carretes individuales (VM) [OBSOLETO] |
20130110 |
| 590 ## - NOTA LOCAL (RLIN) |
| Nota local |
BATCH-UPD |
| Procedencia (VM) [OBSOLETO] |
10 |
| Condición del los carretes individuales (VM) [OBSOLETO] |
20130110 |
| 590 ## - NOTA LOCAL (RLIN) |
| Nota local |
BATCH-UPD |
| Procedencia (VM) [OBSOLETO] |
10 |
| Condición del los carretes individuales (VM) [OBSOLETO] |
20130410 |
| 590 ## - NOTA LOCAL (RLIN) |
| Nota local |
BATCH-UPD |
| Procedencia (VM) [OBSOLETO] |
10 |
| Condición del los carretes individuales (VM) [OBSOLETO] |
20130914 |
| 590 ## - NOTA LOCAL (RLIN) |
| Nota local |
BATCH-UPD |
| Procedencia (VM) [OBSOLETO] |
10 |
| Condición del los carretes individuales (VM) [OBSOLETO] |
20140324 |
| 590 ## - NOTA LOCAL (RLIN) |
| Nota local |
BATCH-UPD |
| Procedencia (VM) [OBSOLETO] |
10 |
| Condición del los carretes individuales (VM) [OBSOLETO] |
20141002 |
| 590 ## - NOTA LOCAL (RLIN) |
| Nota local |
BATCH |
| Procedencia (VM) [OBSOLETO] |
00 |
| Condición del los carretes individuales (VM) [OBSOLETO] |
20181121 |
| 590 ## - NOTA LOCAL (RLIN) |
| Nota local |
CONVERSION |
| Procedencia (VM) [OBSOLETO] |
10 |
| Condición del los carretes individuales (VM) [OBSOLETO] |
20130109 |
| 901 ## - ELEMENTOS DE DATOS A LOCAL LDA (RLIN) |
| a |
BK |
| 949 ## - PROCESAMIENTO DE INFORMACIÓN LOCAL (OCLC) |
| b |
BC |
| c |
TES |
| d |
33724002229389 |
| e |
TS2 |
| f |
c.2 |
| g |
DonaciØn |
| h |
51870 |
| i |
111992 |
| s |
b |
| 949 ## - PROCESAMIENTO DE INFORMACIÓN LOCAL (OCLC) |
| b |
BC |
| c |
TES |
| d |
33724002229421 |
| e |
TS1 |
| g |
DonaciØn |
| h |
51869 |
| i |
111992 |
| s |
b |